000
00311nam a2200121Ia 4500
008
220204s9999 xx 000 0 und d
082
_a
521.86
_b
SPA
100
_a
Bourne, Arthur
245
0
_a
Plant earth: Earth's atmosphere and curst. 2 Pts
260
_a
London
_b
Aldus
700
_a
Sparks, John
942
_c
BK
999
_c
29793
_d
29793